000 02442nam a22002537a 4500
003 Uzh_bibl
008 260511b |||||||| |||| 00| 0 ukr d
020 _a978-966-948-064-4
_c155.00
040 _bукр.
041 _2ukr
_aukr
080 _a821(477)
090 _a821(477)
_bП 32
100 _aПідгірна,Лора
245 _aОмбре.Над темрявою і світлом.
_hТекст
260 _aКиїв
_bВидавнича група КМ-БУКС
_c2018
300 _a352 с.
_fВ опр.
520 _aКам’янець-Подільський, Україна. Архівний ревізор Едіта випадково знаходить вцілілі клейноди ордену лицарів Храму, однак на цю тему у місті накладено неофіційне табу, а знахідка веде її далі, до загадкового артефакту, який свого часу тамплієри привезли на Поділля. Із розгадкою таємниці Едіті допомагає католицький священик отець Люк. За містичним артефактом полюють спецслужби й таємні товариства. Минуле та сьогодення переплітаються. Нитки, що пов’язували історії і долі багатьох людей у минулому, одна за одною тягнуться до тих, хто мешкає у Кам’янці-Подільському сьогодні. Старовинне підземелля Кам’янецького замку перетворюється на поле битви добра і зла. Герої проходять випробування, але чи ті, хто називає себе друзями, є такими насправді? Вірити можна тільки собі, бо ціною пошуків Чаші Омбре може стати власне життя…
521 _aДля широкого кола читачів
546 _aукр.
650 _aЛітературно-художнє видання
653 _aЛицарі
_aОрден
_aЗнахідка
_aТаємниці
_aМістичні артефакти
655 _aПроза
_vІсторично-авантюрний роман
_zУкраїна
942 _2udc
_cBK
999 _c17699
_d17699